1994 1048 1341 1410 1477 1084 1884 1566 1837 1766 1709 1598 1499 1967 1374 1353 1365 1381 1859 1576 1930 1655 1181 1355 1979 1415 1640 1061 1744 1412 1292 1485 1167 1364 1659 1361 1600 1401 1237 1801 1877 1904 1229 1655 1992 1091 1832 1943 1443 1023 1246 1690 1400 1629 1846 1854 1645 1239 1723 1848 1961 1999 1516 1790 1247 1060 1198 1340 1841 1236 1398 1410 1849 1917 1542 1285 1703 1294 1225 1178 1898 1966 1990 1694 1275 1517 1020 1716 1576 1440 1396 1620 1008 1318 1998 1706 1735 1990 1978 BCNSPRNW ULIB Ver.6.0+V

เปลี่ยนเป็นภาษาไทย

Change to English
 แสดงรายละเอียดบรรณานุกรม
  กลับหน้าหลัก

Brief Record : Get Marc (ISO 2709) : E-mail record : QR code < ปิดหน้าต่าง
LEADER : 00000nam 2200000uu 4500
001    13399125340
003     ULIB
008    170505s2559||||th 000 0 tha d
020    ^a9786162713019
060    ^aQV250^bธ666T
100    ^aธีระพงษ์ ตัณฑวิเชียร,^eบรรณาธิการ
245    ^aTrends in infectious disease pharmacotherapy 2016/^cบรรณาธิการโดย ธีระพงษ์ ตัณฑวิเชียร...และคณะ
260    ^aสงขลา :^bภาควิชาเภสัชกรรมคลินิก คณะเภสัชศาสตร์ มหาวิทยาลัยสงขลานครินทร์,^c2559
300    ^a288 หน้า^bภาพประกอบ, ตาราง
650    ^aโรคติดเชื้อ,^xการรักษาด้วยยา
650    ^aInfectious disease
650    ^aPharmacotherapy
700    ^aสุทธิพร ภัทรชยากุล,^eบรรณาธิการ
700    ^aโพยม วงศ์ภูวรักษ์,^eบรรณาธิการ
700    ^aมาลี โรจน์พิบูลย์สถิตย์,^eบรรณาธิการ
700    ^aณัฐาศิริ ฐานะวุฑฒ์,^eบรรณาธิการ
700    ^aสุชาดา สูรพันธุ์,^eบรรณาธิการ
700    ^aกมลทิพย์ วิวัฒนวงศา,^eบรรณาธิการ
700    ^aดิษยา วัฒนาไพศาล,^eบรรณาธิการ
700    ^aสิริมา สิตะรุโน,^eบรรณาธิการ
945    ^p0^l0^i002044
945    ^p0^l0^i002045
999    ^aวรรณษา ชูชัยมงคล
รายการนี้ยังไม่มีแท็ก
คุณยังไม่ได้ล็อกอิน คุณสามารถมีกิจกรรมร่วมกับเว็บไซต์ได้ แต่ต้องล็อกอินก่อน ::
  ล็อกอิน

รายการสื่อสารสนเทศ

ลำดับที่ ประเภท เลขเรียก/บาร์โค้ด สถานที่ สถานะ
1. วิทยาศาสตร์การแพทย์ และสุขภาพ
วิทยาศาสตร์การแพทย์ และสุขภาพ
สถานะ=หนังสือเก่า
QV250 ธ666T ฉ.1 
  Barcode: 002044
ห้องสมุดวิทยาเขตสวรรค์ประชารักษ์
►ส่วนจัดเก็บหนังสือเก่า สปร
บนชั้น
  ขอยืม
2. วิทยาศาสตร์การแพทย์ และสุขภาพ
วิทยาศาสตร์การแพทย์ และสุขภาพ
สถานะ=หนังสือเก่า
QV250 ธ666T ฉ.2 
  Barcode: 002045
ห้องสมุดวิทยาเขตสวรรค์ประชารักษ์
►ส่วนจัดเก็บหนังสือเก่า สปร
บนชั้น
  ขอยืม

รายการใกล้เคียง
    หัวเรื่อง [Infectious disease]

BibComment


ยังไม่เคยถูกคอมเมนท์

คอมเมนท์ทรัพยากรรายการนี้
  คอมเมนท์: Trends in infect..


 Copyright 2026. Bcnsprnw @Library